Länder mit den höchsten Militärausgaben - Statistiken

Allgemein
  • Dieses Quiz wurde 79 mal gespielt
  • Das Durchschnittsergebnis liegt bei 18 aus 21
Antwortstatistiken
Ausgaben in USD Land % Korrekt
88,5 Mrd. Deutschland
100%
149 Mrd. Russland
100%
314 Mrd. China
99%
997 Mrd. Vereinigte Staaten
99%
64,7 Mrd. Frankreich
97%
86,1 Mrd. Indien
94%
24,6 Mrd. Spanien
94%
47,6 Mrd. Südkorea
93%
20,9 Mrd. Brasilien
90%
81,8 Mrd. Vereinigtes Königreich
90%
38,0 Mrd. Italien
89%
55,3 Mrd. Japan
89%
29,3 Mrd. Kanada
89%
38,0 Mrd. Polen
89%
64,7 Mrd. Ukraine
88%
25,0 Mrd. Türkei
86%
33,8 Mrd. Australien
83%
46,5 Mrd. Israel
72%
80,3 Mrd. Saudi Arabien
72%
23,2 Mrd. Niederlande
50%
21,8 Mrd. Algerien
24%
Keine übereinstimmenden Quizze gefunden
Verteilung der Resultate
Anzahl Personen mit jedem Resultat
Perzentil nach korrekt beantworteten Fragen
Ihre Resultats-Entwicklung
Sie haben dieses Quiz noch nicht gespielt